000 00489nam a22001937a 4500
003 OSt
005 20161014130407.0
008 150521b xxu||||| |||| 00| 0 eng d
020 _a0443042519
040 _cDNLM
082 _aWW 100 P541b 1984
100 _aPhillips Calbert L.
_94803
245 _aBasic Clinical Ophthalmology
260 _aUK:
_bELBS ;
_c1989
300 _axiv, 256 p:
_bill;
_c23 cm.
504 _aIncludes index.
650 _aOphthalmology
_9338
942 _2z
_cSLOAN
999 _c1824
_d1824